000 00313nam a22001457a 4500
008 230516b ||||| |||| 00| 0 eng d
020 _a9780316404624
041 _aeng
080 _a070
082 _a070WOL
100 _a18
101 _aMEDIA
245 _aTHE KINGDOM OF SPEECH
_cWOLFE.T
942 _2udc
_cBK
999 _c59739
_d59739